000 00330nam a2200133Ia 4500
008 220204s9999 xx 000 0 und d
082 _a347.7
_bMAH
100 _aMAHESHWARI, R P
245 0 _aCompany law
260 _aDelhi
_bNational Publishing house
_c1978
650 _aCompany law
700 _aMAHESHWARI, S N
942 _cBK
999 _c29492
_d29492